| 000 | 00416nam a22001577a 4500 | ||
|---|---|---|---|
| 005 | 20260415115602.0 | ||
| 008 | 260415b |||||||| |||| 00| 0 eng d | ||
| 020 | _a978-9914-50-249-7 | ||
| 050 | _aRB 38.H33 2024 | ||
| 100 | _aTAJ HABIB | ||
| 245 | _aPRACTICAL MEDICAL LABORATORY MANUAL | ||
| 260 |
_aUSA _bABBOTT _c2024 |
||
| 300 | _aX,345 | ||
| 650 | _aMedical laboratory-laboratory manuals | ||
| 942 |
_2lcc _cBK |
||
| 999 |
_c216970 _d216970 |
||